| 000 | 00793nam a22001337a 4500 | ||
|---|---|---|---|
| 040 | _cRUA | ||
| 082 | _aAVM RAV 2011 B098 Or.1 | ||
| 100 | _aRAVUTH VIRIYA | ||
| 245 | _aSmall scale holder of cattle and receiving from village extension worker services in battambang city, battambang province, (ការចិញ្ចឹមគោជាលក្ខណះគ្រួសារ និងការទទួលបានសេវាកម្មពីភ្នាក់ងារផ្សព្វផ្សាយភូមិ នៅក្រុងបាត់ដំបង ខេត្តបាត់ដំបង) | ||
| 260 |
_aphnom penh _brua _c2011 |
||
| 300 |
_ax, 52p. _bill. _c29cm. |
||
| 856 | _uhttps://drive.google.com/file/d/17EdDlAVo8YWlj3GRoDpcd09QYuRO7fPI/view?usp=sharing | ||
| 942 | _cAVM | ||
| 999 |
_c2530 _d2530 |
||